Guess the lyrics (#16) - Statistics

General Stats
  • This quiz has been taken 388 times
  • The average score is 36 of 101
Answer Stats
Answer % Correct
a
97%
the
91%
and
79%
he
77%
In
76%
in
76%
Is
74%
is
74%
To
69%
can
61%
Can
61%
of
61%
there,
54%
there
54%
his
49%
him
45%
like
45%
at
42%
from
42%
here
39%
time
39%
up
39%
Does
37%
just
37%
night
37%
out
32%
got
29%
he's
29%
life
29%
Look
28%
look
28%
Take
28%
any
27%
spider
22%
comes
21%
goes
20%
web,
19%
there's
16%
light
15%
you'll
14%
Spider-Man
12%
whatever
12%
big
10%
find
10%
Hey
10%
great
8%
Spins
7%
swing
7%
arrives
5%
crime
5%
flies
5%
neighborhood
5%
catches
4%
friendly
4%
Listen
4%
scene
4%
strong?
4%
blood
3%
chill
3%
radioactive
3%
size,
3%
streak
3%
thieves
3%
thread?
3%
bang
2%
bud,
2%
hang
2%
overhead
2%
Wherever
2%
Action
1%
fame
1%
ignored
1%
reward
1%
Wealth
1%
No matching quizzes found
Score Distribution
Percent of People with Each Score
Percentile by Number Answered
Your Score History
You have not taken this quiz